| 000 | 01141nam a2200301 a 4500 | ||
|---|---|---|---|
| 008 | |||
| 020 | _a9964302711 (pbk.) | ||
| 049 | _aMAIN | ||
| 090 |
_aLC67.6 _bGIB |
||
| 100 | 1 | _aGibbons, Michael. | |
| 245 | 1 | 0 |
_aBeyond the market : _buniversities and society in the 21st century / _cMichael Gibbons. |
| 246 | 1 |
_iHalf title: _aUniversities and society. |
|
| 260 |
_aAccra : _bGhana Universities Press, _c2000. |
||
| 300 |
_a96 p. ; _c22 cm. |
||
| 500 | _a"Aggrey-Fraser-Guggisberg lectures delivered at the University of Ghana on March, 1999 on the occasion of the 50th anniversary of the university." | ||
| 500 | _a"Published for the University of Ghana, Legon"--T.p. verso. | ||
| 504 | _aIncludes bibliographical references. | ||
| 650 | 0 |
_aEducation, Higher _xSocial aspects. |
|
| 650 | 0 |
_aEducation, Higher _xEconomic aspects. |
|
| 650 | 0 |
_aResearch _xSocial aspects. |
|
| 650 | 0 |
_aResearch _xEconomic aspects. |
|
| 710 | 2 | _aUniversity of Ghana. | |
| 907 |
_a.b10127951 _b16-08-11 _c18-06-04 |
||
| 003 | |||
| 005 | 20230123133742.0 | ||
| 040 | _cNUST | ||
| 942 |
_cBOOKS _kLC67.6 _mGIB |
||
| 999 |
_c154033 _d154033 |
||